000 00953nam a22003017a 4500
001 7550
003 FISKH
005 20250815122618.0
008 250723b cb ||||| |||| 00| 0 eng d
020 _a9780618932504
040 _aFISKH
_beng
_cFISKH
_dFISKH
050 _aQL737.C27 M345
082 _a599.78
100 _aMarkle, Sandra
245 _aBears /
_cBy Sandra Markle
250 _aHoughton Mifflin Edition
260 _aBoston :
_bHoughton Miffilin ,
_c2000.
300 _a31 pages :
_bcolor illustrations ;
_c26 cm .
490 _aGrowing Up Wild
505 _aK
520 _aDescribes different kinds of bear cubs and the changes they go through in their appearance and behavior as they grow up and become successful adult bears.
521 8 _a510
_bLexile estimate
521 8 _aK
_bRaz-Plus
650 _aBears
_vNon-fiction
650 _aAnimals
_vNon-fiction
942 _2ddc
_cBK
_n0
999 _c7550
_d7550